000 00768nas a2200265 4500
001 BR0104137
003 BR-BrBNA
005 20231205102413.0
007 ta
008 230509b bl.|||p| |||| 00| 00por d
040 _aBR-BrBNA
_bpor
_cBiblioteca Nacional de Agricultura
041 _a(Pt)
072 _aF30
100 1 _aBered, F.
100 1 _aCarvalho, F.I.F. de
100 1 _aBarbosa Neto, J.F.
245 1 _aVariabilidade genetica em trigo
650 _aTrigo
650 _aVariacao Genetica
650 _aGermoplasma
650 _aMarcador Molecular
773 0 _tBiotecnologia Ciencia e Desenvolvimento (Brazil)
_xISSN 1414-4522
_g(May-Jun 2000), v. 3(14) p. 22-25
_wBR0104137
909 _a202311
_bLúcia
_c55
_dLúcia Elande
942 _2AGRIS
_n0
_cANA
999 _c167403
_d167403